[Event "North American op 30th"]
[Site "ICC INT"]
[Date "2020.12.29"]
[Round "8"]
[White "Vasquez, Marcus"]
[Black "Chubakov, Sultan"]
[Result "0-1"]
[WhiteElo "1637"]
[BlackElo "2103"]
[PlyCount "60"]
[EventDate "2020.12.26"]
[EventType "swiss"]
[EventRounds "8"]
[EventCountry "USA"]
[SourceTitle "CBM 200 Extra"]
[Source "ChessBase"]
[SourceDate "2021.03.31"]
[SourceVersion "1"]
[SourceVersionDate "2021.03.31"]
[SourceQuality "1"]

1. e4 c5 2. Nf3 e6 3. d4 cxd4 4. Nxd4 a6 5. Be3 Nf6 6. Nc3 Bb4 7. Bd3 Qc7 8. Qd2 d5 9. exd5 Nxd5 10. Nde2 0-0 11. 0-0 Bxc3 12. Nxc3 Nxc3 13. Qxc3 Qxc3 14. bxc3 Bd7 15. Be4 Bc6 16. Bxc6 Nxc6 17. Rfd1 Rfd8 18. Bb6 Rxd1+ 19. Rxd1 Ne5 20. Ba5 Kf8 21. f4 Nc4 22. Bb4+ Ke8 23. Rd4 Rc8 24. a4 a5 25. Bd6 Nxd6 26. Rxd6 Rxc3 27. Rb6 Rxc2 28. Rxb7 Rc4 29. Rb8+ Ke7 30. Rb7+ Kf6 0-1